Statistiques concernant Du pays à la langue officielle

Cliquez ici pour prendre le quiz!

Statistiques générales

  • Ce quiz a été pris 146 fois
    (76 depuis la dernière actualisation)
  • Le résultat moyen est 12 sur 16

Statistiques - réponses

PaysLangue% Correct
VaticanItalien/ Latin
96%
SingapourMalais/ Anglais/ Tamoul/ Chinois Mandarin
96%
Nouvelle-ZélandeMaori/ Anglais
94%
PakistanOurdou/ Anglais
94%
HaïtiCréole Haïtien/ Français
93%
Papouasie-Nouvelle-GuinéeTok Pisin/ Hiri Motu/ Anglais
93%
FinlandeFinnois/ Suédois
85%
LiechtensteinAllemand
82%
ChypreGrec/ Turc
79%
KazakhstanRusse/ Kazakh
73%
Bosnie-HerzégovineBosniaque/ Serbe/ Croate
69%
AndorreCatalan
62%
IndonésieIndonésien
61%
SurinameNéerlandais
55%
TadjikistanTadjik
44%
AfghanistanPachtou/ Dari
18%

Distribution des résultats

Percentile par nombre de réponses

% des personnes avec chaque résultat

Votre développement - résultats

Vous n’avez pas pris ce quiz depuis la dernière actualisation